Image intensifier tubes for night vision systems / (Record no. 183218)

000 -LEADER
fixed length control field 00779 a2200169 4500
003 - CONTROL NUMBER IDENTIFIER
control field Nust
005 - DATE AND TIME OF LATEST TRANSACTION
control field 20221017122341.0
040 ## - CATALOGING SOURCE
Transcribing agency Nust
082 ## - DEWEY DECIMAL CLASSIFICATION NUMBER
Classification number 617.712,ABI
100 ## - MAIN ENTRY--PERSONAL NAME
Personal name Abidi, Hussain Syed Akram
9 (RLIN) 100435
245 ## - TITLE STATEMENT
Title Image intensifier tubes for night vision systems /
Statement of responsibility, etc. Dr Akram S Hussain Abidi
260 ## - PUBLICATION, DISTRIBUTION, ETC.
Place of publication, distribution, etc. Rawalpindi
Name of publisher, distributor, etc. NUST
Date of publication, distribution, etc. 2004.
300 ## - PHYSICAL DESCRIPTION
Extent 201:p
505 ## - FORMATTED CONTENTS NOTE
Formatted contents note General Information About Image Intensifier Tubes (Page-7), Photocathodes for Light to Electrons Conversion (Page-65), Microchannel Plate (Page-87), Phosphor Screen (Page-111), Power Supply (Page-125), Key Parameters of Image Intensifier Tube (Page-140), Performance Parameters of Image Intensifier Tubes and Their Measurements (Page-116).
650 ## - SUBJECT ADDED ENTRY--TOPICAL TERM
Topical term or geographic name entry element Image intensifier
9 (RLIN) 100436
942 ## - ADDED ENTRY ELEMENTS (KOHA)
Source of classification or shelving scheme
Koha item type Book
Holdings
Withdrawn status Lost status Source of classification or shelving scheme Damaged status Not for loan Permanent Location Current Location Shelving location Date acquired Full call number Barcode Date last seen Price effective from Koha item type Public note
          Military College of Signals (MCS) Military College of Signals (MCS) General Stacks 12/12/2016 617.712,ABI MCS31974 12/08/2016 12/12/2016 Book Almirah No 88, Shelf No 1
          Military College of Signals (MCS) Military College of Signals (MCS) General Stacks 12/12/2016 617.712,ABI MCS31975 12/08/2016 12/12/2016 Book Almirah No 88, Shelf No 1
          Military College of Signals (MCS) Military College of Signals (MCS) General Stacks 12/12/2016 617.712,ABI MCS31976 12/08/2016 12/12/2016 Book Almirah No 88, Shelf No 1
          Military College of Signals (MCS) Military College of Signals (MCS) General Stacks 12/12/2016 617.712,ABI MCS31977 12/08/2016 12/12/2016 Book Almirah No.26, Shelf No.4
© 2023 Central Library, National University of Sciences and Technology. All Rights Reserved.